ბათუმის შოთა რუსთაველის სახელმწიფო უნივერსიტეტის ბიბლიოთეკა

მათემატიკა. ნაწ. 1. ალგებრა და ანალიზის საწყისები : (ბიბ.ჩანაწერი № 41967)

000 -ლიდერი
ფიქსირებული სიგრძის საკონტროლო ველი 01891nam a2200313Ia 4500
001 - საკონტროლო ნომერი
საკონტროლო ველი 8651
003 - საკონტროლო ნომრის იდენტიფიკატორი
საკონტროლო ველი GE_BSU
005 - ბოლო ოპერაციის თარიღი და დრო
საკონტროლო ველი 20240524111603.0
008 - ფიქსირებული სიგრძის მონაცემთა ელემენტები - ზოგადი ინფორმაცია
ფიქსირებული სიგრძის საკონტროლო ველი 181216s1991||||ge |||||||||||||| ||geo||
020 ## - წიგნის საერთაშორისო სტანდარტული ნომერი
International Standard Book Number 5505012471
040 ## - კატალოგიზაციის წყარო
Transcribing agency GE_BSU
041 ## - ენის კოდი
Language code of text/sound track or separate title geo
080 ## - უნივერსალური ათობითი კლასიფიკაციის ინდექსი
Universal Decimal Classification number 51(075.4)+512(076.1)+517(076.1) მ-15
245 ## - ცნობა სათაურის შესახებ
Title მათემატიკა. ნაწ. 1. ალგებრა და ანალიზის საწყისები :
Remainder of title სახელმძღვანელო უმაღლესი სასწ. მოსამზად. განყოფილების მსმენელებისა და აბიტურიენტებისათვის /
Statement of responsibility, etc ს. თოფურია; გ. აბესაძე, გ. ოზბეგაშვილი, მ. ხოჭოლავა, ზ. მეტრეველი, ნ. მაჭარაშვილი ; რედ. ს. თოფურია.
250 ## - გამოცემის ცნობა
Edition statement მე-3 გადამუშავებული გამოცემა
264 ## - წარმოების, გამოცემის, დისტრიბუციის და სხვა ცნობები
გამოცემის, წარმოების, დისტრიბუციის... ადგილი თბილისი :
გამოცემის, წარმოების, დისტრიბუციის... სახელწოდება განათლება,
გამოცემის, წარმოების, დისტრიბუციის... თარიღი 1991.
300 ## - ფიზიკური აღწერა
Extent 782 გვ. ;
Dimensions 20 სმ.
653 ## - INDEX TERM--UNCONTROLLED
Uncontrolled term მათემატიკა
653 ## - INDEX TERM--UNCONTROLLED
Uncontrolled term ნაწ. 1. ალგებრა და ანალიზის საწყისები
700 ## - ADDED ENTRY--PERSONAL NAME
Personal name თოფურია, ს.
Relator term ავტორი
9 (RLIN) 22166
700 ## - ADDED ENTRY--PERSONAL NAME
Personal name აბესაძე, გ.
Relator term ავტორი
9 (RLIN) 1415
700 ## - ADDED ENTRY--PERSONAL NAME
Personal name ოზბეგაშვილი, გ.
Relator term ავტორი
9 (RLIN) 1416
700 ## - ADDED ENTRY--PERSONAL NAME
Personal name ხოჭოლავა, მ.
Relator term ავტორი
9 (RLIN) 22164
700 ## - ADDED ENTRY--PERSONAL NAME
Personal name მეტრეველი, ზ.
Relator term ავტორი
9 (RLIN) 5368
700 ## - ADDED ENTRY--PERSONAL NAME
Personal name მაჭარაშვილი, ნ.
Relator term ავტორი
9 (RLIN) 1495
700 ## - ADDED ENTRY--PERSONAL NAME
Personal name თოფურია, ს.
Relator term რედაქტორი
9 (RLIN) 22166
942 ## - ADDED ENTRY ELEMENTS (KOHA)
Koha item type წიგნი
Source of classification or shelving scheme
ეგზემპლარები
ჩამოწერის სტატუსი დაკარგული ეგზემპლარის სტატუსი კლასიფიკაციის წყარო ან თაროზე გაწყობის სქემა დაზიანების სტატუსი არ გაიცემა მუდმივი მდებარეობა (დაცვის ადგილი) ამჟამინდელი ადგილსამყოფელი თაროზე განთავსების ადგილი შეძენის თარიღი ღირებულება, შესყიდვის ნორმალური ფასი სრული შენახვის შიფრი შტრიხკოდი ბოლო ოპერაციის თარიღი ეგზემპლარის მიმდევრობითი ნომერი (კეტერი?) ფასის ძალაში შესვლის თარიღი ეგზემპლარის სახეობა საჯარო შენიშვნა
          ბათუმის შოთა რუსთაველის სახელმწიფო უნივერსიტეტის მთავარი ბიბლიოთეკა ბათუმის შოთა რუსთაველის სახელმწიფო უნივერსიტეტის მთავარი ბიბლიოთეკა წიგნსაცავი 2018-12-17 18.00 51(075.4)+512(076.1)+517(076.1) მ-15 26759 2018-12-17 26759 2018-12-17 წიგნი 18.00 ₾.